Marvel Comics Typing Challenge Quiz Stats

 Plays Quiz Updated Nov 10, 2019

Score 0/50 Timer 01:30
1,228 Plays Today
Word Answer % Correct
????
100%
????
98.8%
????
98.1%
????
97.8%
????
97.4%
????
96.8%
????
96.3%
????
95.9%
????
95.7%
????
95.5%
????
95.3%
????
95.2%
????
95%
????
94.9%
????
94.8%
????
94.5%
????
94.3%
????
94.2%
????
93.8%
????
93.4%
????
92.9%
????
92.3%
????
91.7%
????
91.4%
????
90.4%
Word Answer % Correct
????
89.4%
????
88.4%
????
87.3%
????
86.4%
????
85%
????
83.2%
????
80.5%
????
78%
????
75.8%
????
72.7%
????
69.4%
????
66.7%
????
63.2%
????
59%
????
54.8%
????
50.3%
????
46.1%
????
40%
????
35.5%
????
30.5%
????
26.3%
????
22.5%
????
18%
????
14.3%
????
9.8%

You're not logged in!

Compare scores with friends on all Sporcle quizzes.
OR
Log In

Sporcle TV

Today on Sporcle TV


Watch our educational content, quiz creation guides, and fun videos on Sporcle TV.

Show Comments

Extras

Top Quizzes Today


Score Distribution

Your Account Isn't Verified!

In order to create a playlist on Sporcle, you need to verify the email address you used during registration. Go to your Sporcle Settings to finish the process.

Report this User

Report this user for behavior that violates our Community Guidelines.

Details: